000 00291nam a22001217a 4500
082 _a823
_bABR/S
100 _aABRAR & RUDRA
245 _aTHE SLEEPING BEAUTY
_bENCHANTING FAIRY TALES
260 _aCHENNAI
_bSEASONS PUBLISHING
300 _a128
650 _aENGLISH STORY
_zINDIA
942 _cBK
999 _c7413
_d7413